LIBRARY & INFORMATION CENTRE, KCAET, TAVANUR

ONLINE PUBLIC ACCESS CATALOGUE (OPAC)

Sahithya Nayakanmar, part 1 / (Record no. 729)

MARC details
000 -LEADER
fixed length control field 00504cam a2200169ua 4500
041 ## - LANGUAGE CODE
Language code of text/sound track or separate title mal
082 ## - DEWEY DECIMAL CLASSIFICATION NUMBER
Classification number 894.812308
Item number PAR/SA
100 ## - MAIN ENTRY--AUTHOR NAME
Personal name Parameswaran pillai, Erumely .
245 ## - TITLE STATEMENT
Title Sahithya Nayakanmar, part 1 /
260 ## - PUBLICATION, DISTRIBUTION, ETC. (IMPRINT)
Place of publication Kottayam :
Name of publisher The vidhyarthimithram press& Book depot ,
Year of publication 1966.
300 ## - PHYSICAL DESCRIPTION
Number of Pages 300 ; .
490 0# - SERIES STATEMENT
Series statement Vidhyarthimithram,
Volume number/sequential designation No:760
942 ## - ADDED ENTRY ELEMENTS (KOHA)
Koha item type Books
Holdings
Withdrawn status Lost status Damaged status Home library Current library Date acquired Full call number Accession Number Koha item type Public note
Withdrawn     KAUAET Malayalam University 07/04/2012 894.812308 8723 Books Transferred to Malayalam University
free website counter